000 01113cam a22002773a 4500
001 12250
003 PGUSA
005 20140828083247.0
008 040501s2004||||xxu|||||s|||||000 | eng d
040 _aPGUSA
_beng
042 _adc
050 4 _aPZ
100 1 _aGrimm, Wilhelm,
_d1786-1859
245 1 0 _aContes choisis de la famille
_h[electronic resource] /
_cWilhelm Grimm
260 _bProject Gutenberg,
_c2004
505 0 _aLe loup et l'homme -- Le violon merveilleux -- Le renard et les oies -- Le renard et le chat -- Le docteur universel -- La douce bouillie -- Le loup et le renard -- Les trois frères -- L'aïeul et le petit-fils -- Le clou -- Le petit pâtre -- Le paysan et le diable -- Le linceul -- La mort la plus douce por les criminels.
506 _aPublic domain in the USA.
516 _aElectronic text
653 _aChildren's stories, German -- Translations into French
653 _aFairy tales -- Germany
653 _aFairy tales
653 _aFolklore -- Germany
830 0 _aProject Gutenberg
_v12250
856 4 0 _uhttp://www.gutenberg.org/ebooks/12250
942 _cEB
999 _c241505
_d241505